[Event "POR-ch U16"]
[Site "Luso"]
[Date "2014.07.24"]
[Round "2"]
[White "Mendes, Pedro Machado"]
[Black "Matos, Goncalo Abreu Silva"]
[Result "1/2-1/2"]
[WhiteElo "1547"]
[BlackElo "1281"]
[PlyCount "108"]
[EventDate "2014.07.23"]
[EventType "swiss"]
[EventRounds "7"]
[EventCountry "POR"]
[SourceTitle "EXT 2015"]
[Source "ChessBase"]
[SourceDate "2014.11.20"]
[SourceVersion "1"]
[SourceVersionDate "2014.11.20"]
[SourceQuality "1"]

1. e4 c5 2. Nf3 Nc6 3. d4 cxd4 4. Nxd4 g6 5. c4 Bg7 6. Be3 Nf6 7. Nc3 0-0 8. Be2 Qb6 9. Nb3 Qd8 10. Qd2 d6 11. f3 a6 12. 0-0 Qc7 13. Nd5 Nxd5 14. cxd5 Ne5 15. Rfc1 Qd7 16. h3 f5 17. Bb6 fxe4 18. fxe4 Bf6 19. Rc7 Qa4 20. Na5 Nd7 21. Rc4 Qb5 22. Rb4 Bd4+ 23. Bxd4 Qxa5 24. Qh6 Nf6 25. Rb3 Rf7 26. Rf1 Qa4 27. Rd3 Qc2 28. Re3 Bd7 29. Bc3 Raf8 30. Qh4 Nh5 31. Rxf7 Rxf7 32. Bxh5 gxh5 33. Qg5+ Kf8 34. Rg3 Qf2+ 35. Kh2 Ke8 36. Qxh5 Qf4 37. Qf3 Qxf3 38. Rxf3 Rxf3 39. gxf3 Kf7 40. e5 dxe5 41. Bxe5 Kg6 42. Kg3 b5 43. d6 exd6 44. Bxd6 Be6 45. a3 Bd7 46. h4 h5 47. Kf4 Bc6 48. Be7 Bd5 49. Ke3 Bc6 50. f4 Kf5 51. Bg5 a5 52. Kd4 a4 53. Kc5 Bd7 54. Kd6 Be8 1/2-1/2

[Event "POR-ch U14"]
[Site "Braga"]
[Date "2013.08.07"]
[Round "7.10"]
[White "Azevedo, Carlos Filipe Salva"]
[Black "Mendes, Pedro Machado"]
[Result "1/2-1/2"]
[WhiteElo "1230"]
[BlackElo "1521"]
[PlyCount "57"]
[EventDate "2013.08.02"]
[EventType "swiss"]
[EventRounds "7"]
[EventCountry "POR"]
[SourceTitle "EXT 2015"]
[Source "ChessBase"]
[SourceDate "2014.11.20"]
[SourceVersion "1"]
[SourceVersionDate "2014.11.20"]
[SourceQuality "1"]

1. e4 e5 2. Nf3 Nc6 3. Bb5 a6 4. Ba4 Nf6 5. 0-0 Be7 6. Re1 b5 7. Bb3 0-0 8. c3 d5 9. exd5 Nxd5 10. Nxe5 Nxe5 11. Rxe5 c6 12. Bxd5 cxd5 13. d4 Bd6 14. Re3 Qh4 15. h3 Bd7 16. Nd2 Rfe8 17. Qf3 Rxe3 18. fxe3 Qe1+ 19. Qf1 Qxe3+ 20. Kh1 Qg3 21. Nf3 Bf5 22. Qe1 Qxe1+ 23. Nxe1 Be4 24. Kg1 Bg3 25. Bd2 f5 26. Nf3 Bxf3 27. gxf3 Re8 28. Kf1 f4 29. a4 1/2-1/2

[Event "POR-ch U14"]
[Site "Braga"]
[Date "2013.08.05"]
[Round "5.6"]
[White "Mendes, Pedro Machado"]
[Black "Bastos, Ana Raquel da Costa"]
[Result "0-1"]
[WhiteElo "1521"]
[BlackElo "1608"]
[PlyCount "38"]
[EventDate "2013.08.02"]
[EventType "swiss"]
[EventRounds "7"]
[EventCountry "POR"]
[SourceTitle "EXT 2015"]
[Source "ChessBase"]
[SourceDate "2014.11.20"]
[SourceVersion "1"]
[SourceVersionDate "2014.11.20"]
[SourceQuality "1"]

1. e4 c5 2. Nf3 Nc6 3. d4 cxd4 4. Nxd4 g6 5. Nc3 Bg7 6. Be3 Nf6 7. f3 0-0 8. Bc4 Qb6 9. Ncb5 a6 10. Nf5 Qa5+ 11. Bd2 Qd8 12. Nh6+ Bxh6 13. Bxh6 axb5 14. Bxf8 Kxf8 15. Bxb5 Qa5+ 16. Qd2 Qxb5 17. c3 Ne5 18. b4 d6 19. Qh6+ Ke8 0-1

[Event "POR-ch U14"]
[Site "Braga"]
[Date "2013.08.04"]
[Round "3.9"]
[White "Martins, Goncalo Faria Olive"]
[Black "Mendes, Pedro Machado"]
[Result "0-1"]
[WhiteElo "1280"]
[BlackElo "1521"]
[PlyCount "104"]
[EventDate "2013.08.02"]
[EventType "swiss"]
[EventRounds "7"]
[EventCountry "POR"]
[SourceTitle "EXT 2015"]
[Source "ChessBase"]
[SourceDate "2014.11.20"]
[SourceVersion "1"]
[SourceVersionDate "2014.11.20"]
[SourceQuality "1"]

1. e4 e5 2. Nf3 Nc6 3. Bb5 a6 4. Ba4 Nf6 5. 0-0 Be7 6. Re1 b5 7. Bb3 0-0 8. h3 d6 9. c3 Na5 10. Bc2 c5 11. d4 Nc6 12. Nbd2 Bb7 13. Nf1 Qc7 14. Bb1 Rad8 15. d5 Nb8 16. Ng3 Rfe8 17. b3 c4 18. b4 a5 19. a3 Nbd7 20. Bc2 Ra8 21. Be3 axb4 22. axb4 Rxa1 23. Qxa1 Ra8 24. Qd1 Nb6 25. Qd2 Ra2 26. Qc1 Bc8 27. Bb1 Ra6 28. Bc2 Na4 29. Qd2 Qb7 30. Nf5 Bxf5 31. exf5 Qxd5 32. Ra1 Qxd2 33. Nxd2 Ra8 34. Bxa4 Rxa4 35. Rxa4 bxa4 36. Nxc4 Nd5 37. Bd2 Nc7 38. Na3 Kf8 39. Kf1 Ke8 40. Ke2 Kd7 41. Kd3 Kc6 42. b5+ Nxb5 43. Nxb5 Kxb5 44. c4+ Kc5 45. Kc3 d5 46. Bc1 d4+ 47. Kd3 e4+ 48. Kxe4 Kxc4 49. Bb2 d3 50. Ke3 Bg5+ 51. f4 Bxf4+ 52. Kxf4 d2 0-1